De Camino a Marte REMIX - Bryant Myers, Noriel, Juanka, Brytiago... - Estadísticas

Estadísticas generales
  • Esta prueba ha sido intentada 28 veces
  • La puntuación promedio es 514 de 873
Estadísticas de respuestas
Letra % Correcto
a
100%
A
100%
amo
100%
baby
100%
Baby
100%
camino
100%
cuatro
100%
de
100%
De
100%
do
100%
dónde
100%
e
100%
el
100%
en
100%
En
100%
ere
100%
Givenchy
100%
ma
100%
me
100%
Me
100%
Mera
100%
nave
100%
o
100%
O
100%
pa
100%
Pa
100%
pega
100%
perfume
100%
PR
100%
prende
100%
Prende
100%
puta
100%
que
100%
Que
100%
R
100%
Se
100%
100%
se
100%
si
100%
Si
100%
100%
sin
100%
suave
100%
100%
100%
tu
100%
ve
100%
viajar
100%
y
100%
Y
100%
Yo
100%
yo
100%
20
67%
Aféitate
67%
amarte
67%
amor
67%
aquí
67%
bellaquera
67%
bien
67%
Busca
67%
buscar
67%
Carolina
67%
chingando
67%
chingar
67%
compré
67%
del
67%
día
67%
dos
67%
encierren
67%
eres
67%
es
67%
Fu
67%
Haciéndote
67%
he
67%
hoy
67%
Hoy
67%
junto
67%
la
67%
La
67%
las
67%
le
67%
Le
67%
llego
67%
llorar
67%
lo
67%
los
67%
Mámame
67%
Marte
67%
mas
67%
maten
67%
moño
67%
no
67%
No
67%
panty
67%
peine
67%
pero
67%
Pero
67%
Ponte
67%
ponte
67%
Prendemo
67%
punto
67%
rico
67%
Siempre
67%
siempre
67%
Solito
67%
soy
67%
67%
Te
67%
te
67%
tengo
67%
Tengo
67%
ti
67%
tiene
67%
Tiene
67%
to
67%
un
67%
úntate
67%
va
67%
vamo
67%
Versace
67%
vo
67%
aborrecimiento
33%
abrigo
33%
actuar
33%
agarrándote
33%
al
33%
Almighty
33%
ando
33%
aprieto
33%
Bellaca
33%
besé
33%
beso
33%
bicho
33%
boca
33%
bolsillo
33%
booty
33%
boxear
33%
Bruce
33%
cabezón
33%
cama
33%
chingo
33%
cohete
33%
comienza
33%
como
33%
completa
33%
completo
33%
comprometa
33%
comprometo
33%
con
33%
conmigo
33%
contigo
33%
crema
33%
cuando
33%
Cuando
33%
culo
33%
Cupido
33%
da
33%
Dale
33%
dan
33%
desenmoño
33%
desnuda
33%
diciendo
33%
diciéndote
33%
Dile
33%
domingo
33%
ella
33%
Ella
33%
endecando
33%
enrolando
33%
entro
33%
escucha
33%
espacial
33%
está
33%
esta
33%
estamo
33%
este
33%
esté
33%
estemos
33%
estoy
33%
extra
33%
foto
33%
fuma
33%
fumar
33%
Hace
33%
hacemo
33%
Hagámoslo
33%
hay
33%
hechizo
33%
inventan
33%
jálame
33%
josear
33%
Juan
33%
Juanka
33%
kilo
33%
llama
33%
llegando
33%
Luna
33%
madrugada
33%
mall
33%
Mayweather
33%
meta
33%
meto
33%
mi
33%
33%
mientras
33%
multa
33%
nalga
33%
nalgaje
33%
Neptuno
33%
Noriel
33%
novio
33%
nuestro
33%
nuevo
33%
Nunca
33%
nunca
33%
ojito
33%
otro
33%
Oye
33%
pacto
33%
paquete
33%
par
33%
pego
33%
penetro
33%
phillie
33%
por
33%
pose
33%
Pose
33%
puse
33%
Querrás
33%
quiere
33%
saliendo
33%
salir
33%
San
33%
secreto
33%
sepan
33%
sola
33%
solita
33%
solo
33%
somo
33%
subiendo
33%
suelta
33%
temporal
33%
ticket
33%
tiempo
33%
Toy
33%
tre
33%
trepa
33%
trépate
33%
una
33%
uno
33%
UPR
33%
verdes
33%
viaje
33%
Ya
33%
ya
33%
6
0%
acabe
0%
acróbata
0%
Adentro
0%
Ah
0%
ahí
0%
Ajá
0%
algarete
0%
Así
0%
aunque
0%
Ay
0%
Bebesita
0%
boquete
0%
brota
0%
buzón
0%
cara
0%
cartero
0%
chingamo
0%
chiquita
0%
choca
0%
cielo
0%
claro
0%
cojones
0%
contacto
0%
cosa
0%
cuarto
0%
dando
0%
dar
0%
Darell
0%
destino
0%
digo
0%
eché
0%
Eh
0%
eh
0%
empercocear
0%
encanta
0%
enfoca
0%
Entiende
0%
entregarle
0%
esas
0%
ese
0%
facial
0%
flecho
0%
forro
0%
fuego
0%
fuera
0%
Fumo
0%
Glock
0%
gritos
0%
gustan
0%
hacer
0%
hacerle
0%
hacerlo
0%
hacerse
0%
hacerte
0%
hago
0%
imagina
0%
infarto
0%
Jaja
0%
jajaja
0%
Jajaja
0%
Jejejeje
0%
Lee
0%
lento
0%
llamar
0%
llegamo
0%
mahón
0%
matamo
0%
menciones
0%
meter
0%
meterle
0%
miento
0%
mil
0%
mira
0%
misma
0%
moña
0%
moviendo
0%
Myers
0%
Nah
0%
ni
0%
ninguna
0%
noche
0%
nombre
0%
nota
0%
Oh
0%
oh
0%
ojo
0%
palete
0%
palo
0%
pantysito
0%
paraíso
0%
pasa
0%
pasto
0%
pateándome
0%
pecho
0%
pendeja
0%
pensar
0%
perderte
0%
piloto
0%
pone
0%
porque
0%
poseída
0%
posicione
0%
prenda
0%
prenderte
0%
problemas
0%
quemamo
0%
quiero
0%
quita
0%
ready
0%
rebota
0%
romper
0%
romperte
0%
roto
0%
sabe
0%
saca
0%
sale
0%
ser
0%
seto
0%
siento
0%
sigue
0%
silencio
0%
suite
0%
Tenemo
0%
tenemo
0%
termina
0%
teta
0%
toa
0%
toca
0%
tocar
0%
toto
0%
trabajarte
0%
Uh
0%
uñas
0%
van
0%
Verso
0%
viene
0%
vira
0%
visto
0%
vivo
0%
voy
0%
Wuh
0%
yeh
0%
Yeh
0%
zeta
0%
No se encontraron pruebas coincidentes
Distribución de puntuación
Porcentaje de gente con cada puntuación
Porcentaje por número respondido
Historial de tus puntuaciones
No has intentado esta prueba.